[Event "It (open)"]
[Site "masterchessopen.com Hamburg (Germany)"]
[Round "3"]
[White "Yemelin Vasily (RUS)"]
[Black "Naumann Frank (GER)"]
[Result "1-0"]
[WhiteElo "2480"]
[BlackElo "2265"]

1.e4 c5 2.Nf3 Nc6 3.d4 cxd4 4.Nxd4 g6 5.c4 Nf6 6.Nc3 d6 7.Be2 Nxd4 8.Qxd4 Bg7
9.Bg5 O-O 10.Qd2 a6 11.O-O Be6 12.Rac1 b5 13.cxb5 axb5 14.Bxb5 Bxa2 15.Bc6 Ra6
16.Nxa2 Rxa2 17.Rc2 Qb8 18.h3 Rd8 19.Rfc1 h6 20.Bxf6 Bxf6 21.Bd5 Rxb2 22.Qxh6
Bg7 23.Qxg6 Rxc2 24.Qxf7+ Kh7 25.Qf5+ Kh6 26.Qf4+ Kh7 27.Qf5+ Kh6 28.Qf4+ Kh7
29.Rxc2 Bf6 30.g4 {#r} 1-0

[Event "It (open)"]
[Site "masterchessopen.com Ligetfalvi (Hungary)"]
[Round "0"]
[White "Turzo Attila (HUN)"]
[Black "Eberth Zoltan (HUN)"]
[Result "1-0"]
[WhiteElo "2395"]
[BlackElo "2198"]

1.e4 c5 2.Nf3 Nc6 3.d4 cxd4 4.Nxd4 g6 5.c4 Nf6 6.Nc3 Nxd4 7.Qxd4 d6 8.Be2 Bg7
9.O-O Be6 10.Be3 O-O 11.Qd3 Rc8 12.b3 a6 13.Bd4 Qa5 14.f4 Nd7 15.Bxg7 Kxg7
16.Nd5 Qc5+ 17.Kh1 Bxd5 18.exd5 Rb8 19.a3 Rfc8 20.Bg4 f5 21.Rfe1 Re8 22.b4 Qf2
23.Bf3 Kf6 24.Re2 Qa7 25.Rae1 Kf7 26.c5 dxc5 27.d6 exd6 28.Bd5+ Kg7 29.Re7+
Rxe7 30.Rxe7+ Kh6 31.Qg3 {#r} 1-0

[Event "It (open)"]
[Site "masterchessopen.com Montcada (Spain)"]
[Round "8"]
[White "Bravo Barranco Narciso (ESP)"]
[Black "Alvarez Ibarra Rafael (ESP)"]
[Result "0-1"]
[WhiteElo "2260"]
[BlackElo "2395"]

1.Nf3 c5 2.c4 g6 3.d4 cxd4 4.Nxd4 Nc6 5.e4 Nf6 6.Nc3 d6 7.Be2 Nxd4 8.Qxd4 Bg7
9.O-O O-O 10.Qd2 a5 11.Rd1 Bd7 12.Qe1 a4 13.Rb1 Qa5 14.Bf1 Rfc8 15.b4 axb3
16.axb3 Be6 17.Nd5 Nxd5 18.Qxa5 Rxa5 19.exd5 Bf5 20.Bd3 Bxd3 21.Rxd3 b5 22.Bg5
bxc4 23.bxc4 f6 24.Bd2 Rac5 25.Rb7 Bf8 26.g4 Rxc4 27.h3 R4c7 28.Rb1 Kf7 29.Kg2
Rc4 30.Rb7 R4c7 {#R} 0-1

[Event "Ch Israel (juniors) (under 18)"]
[Site "masterchessopen.com Petach Tikva (Israel)"]
[Round "9"]
[White "Ribshtein Nati (ISR)"]
[Black "Bar Andrey (ISR)"]
[Result "1-0"]
[WhiteElo "2335"]
[BlackElo "2101"]

1.e4 c5 2.Nf3 Nc6 3.d4 cxd4 4.Nxd4 g6 5.c4 Nf6 6.Nc3 d6 7.Be2 Nxd4 8.Qxd4 Bg7
9.Be3 O-O 10.Qd2 Be6 11.Rc1 Qa5 12.f3 Rfc8 13.b3 a6 14.Na4 Qxd2+ 15.Kxd2 Nd7
16.g4 Rcb8 17.Nc3 Bxc3+ 18.Rxc3 b5 19.cxb5 axb5 20.Rc2 b4 21.Kc1 Ra3 22.Bd4 f6
23.Kb1 Kf7 24.f4 Kf8 25.Rhc1 Ra5 26.Rc8+ Rxc8 27.Rxc8+ Kg7 28.Rc7 {#r} 1-0

[Event "It (open)"]
[Site "masterchessopen.com St. Ingbert (Germany)"]
[Round "6"]
[White "Moehrmann Marcus (GER)"]
[Black "Winter Lars (GER)"]
[Result "1-0"]
[WhiteElo "2059"]
[BlackElo "1950"]

1.e4 c5 2.Nf3 Nc6 3.d4 cxd4 4.Nxd4 g6 5.c4 Nf6 6.Nc3 d6 7.Be2 Nxd4 8.Qxd4 Bg7
9.c5 dxc5 10.Qxc5 b6 11.Qg5 O-O 12.Bf4 Bb7 13.Rd1 Qe8 14.Bf3 Rc8 15.O-O Ba6
16.Rfe1 h6 17.Qg3 Rc5 18.e5 Nd7 19.h4 e6 20.Ne4 Rxe5 21.Bxe5 Bxe5 22.Rxd7 Qb8
23.Qg4 h5 24.Qg5 Bf4 25.Nf6+ Kh8 26.Qxg6 {#r} 1-0

[Event "It (open)"]
[Site "masterchessopen.com Zalakaros (Hungary)"]
[Round "6"]
[White "Varga Zoltan (HUN)"]
[Black "Horvath Adam (HUN)"]
[Result "1-0"]
[WhiteElo "2495"]
[BlackElo "2415"]

1.e4 c5 2.Nf3 Nc6 3.d4 cxd4 4.Nxd4 g6 5.c4 Nf6 6.Nc3 d6 7.Be2 Nxd4 8.Qxd4 Bg7
9.O-O O-O 10.Qd3 Be6 11.Be3 Rc8 12.b3 a6 13.Bd4 Qa5 14.f4 Bg4 15.Bxg4 Nxg4
16.Nd5 Bxd4+ 17.Qxd4 e5 18.Qb2 Qc5+ 19.Kh1 Rce8 20.fxe5 Rxe5 21.h3 Rxd5
22.cxd5 Ne5 23.Qd2 Qc7 24.Rac1 Qe7 25.Qc3 Qh4 26.Qe3 Qe7 27.Qb6 Nd3 28.Rc7 Qe5
29.Qe3 Nc5 30.Qf4 Nxe4 31.Qxe5 dxe5 32.Re1 {#r} 1-0

[Event "It (open)"]
[Site "masterchessopen.com Bechhofen (Germany)"]
[Round "0"]
[White "Gehlhaar Christian (GER)"]
[Black "Eckhardt Wladislaw (GER)"]
[Result "0-1"]
[WhiteElo "2092"]
[BlackElo "2165"]

1.e4 c5 2.Nf3 Nc6 3.d4 cxd4 4.Nxd4 g6 5.c4 Nf6 6.Nc3 Nxd4 7.Qxd4 Bg7 8.Be3 O-O
9.Qd2 d6 10.Be2 Bd7 11.Rc1 Bc6 12.Bf3 Qd7 13.O-O Rfe8 14.b3 b6 15.e5 Bxf3
16.gxf3 Nh5 17.exd6 Be5 18.Ne2 Bxd6 19.Ng3 Qh3 20.f4 Rad8 21.Nxh5 Qxh5 22.Qd1
Qf5 23.Qe2 e5 24.fxe5 Rxe5 25.Qc2 Qg4+ {#R} 0-1

[Event "Ch Slovenia (team)"]
[Site "masterchessopen.com Bled (Slovenia)"]
[Round "6"]
[White "Beliavsky Alexander G (SLO)"]
[Black "Cebalo Miso (CRO)"]
[Result "1-0"]
[WhiteElo "2645"]
[BlackElo "2535"]

1.Nf3 c5 2.c4 Nc6 3.d4 cxd4 4.Nxd4 g6 5.e4 Nf6 6.Nc3 d6 7.Be2 Nxd4 8.Qxd4 Bg7
9.Bg5 O-O 10.Qd2 Be6 11.Rc1 Qa5 12.f3 Rfc8 13.b3 Rab8 14.O-O a6 15.f4 b5 16.f5
b4 17.fxe6 bxc3 18.exf7+ Kf8 19.Qe3 Qxa2 20.Rxc3 Qa5 21.Kh1 Kxf7 22.Bg4 Rc5
23.Bxf6 exf6 24.Rd3 Qb6 25.Qd2 Rd8 26.b4 Rxc4 27.Qa2 Qc7 28.Be6+ Kxe6 29.Rd4
Ke7 30.Rxc4 Qb7 31.Rfc1 Rd7 32.Rc8 {#r} 1-0

[Event "It (open)"]
[Site "masterchessopen.com Eger (Hungary)"]
[Round "4"]
[White "Olah Sandor (HUN)"]
[Black "Konnyu Janos (HUN)"]
[Result "1-0"]
[WhiteElo "1966"]
[BlackElo "2351"]

1.e4 c5 2.Nf3 Nc6 3.d4 cxd4 4.Nxd4 g6 5.c4 Nf6 6.Nc3 Nxd4 7.Qxd4 d6 8.Be2 Bg7
9.O-O O-O 10.Rb1 Be6 11.Qd3 Rc8 12.b3 Nd7 13.Nd5 Nc5 14.Qe3 Nxe4 15.Qxe4 Bf5
16.Nxe7+ Kh8 17.Nxf5 gxf5 18.Qxf5 Rc5 19.Qd3 Rg8 20.Bf3 Qh4 21.Qe4 Qd8 22.Bb2
Bxb2 23.Rxb2 Re5 24.Qf4 Qd7 25.Qf6+ Rg7 26.Re2 {#r} 1-0

[Event "Bayern Landesliga North"]
[Site "masterchessopen.com Germany"]
[Round "3"]
[White "Beuchler Holger (GER)"]
[Black "Meulner Klaus (GER)"]
[Result "0-1"]
[WhiteElo "2153"]
[BlackElo "2154"]

1.e4 c5 2.Nf3 g6 3.d4 cxd4 4.Nxd4 Nc6 5.c4 Nf6 6.Nc3 d6 7.Be2 Nxd4 8.Qxd4 Bg7
9.O-O O-O 10.Qd3 Nd7 11.Be3 Nc5 12.Qc2 b6 13.f3 a5 14.Rab1 Bd7 15.Nd5 f5 16.b4
axb4 17.Rxb4 e6 18.Nxb6 Ra3 19.Nxd7 Qxd7 20.Bf2 fxe4 21.Rd1 Qc7 22.Bd4 Nd3
{#R} 0-1

[Event "It (open)"]
[Site "masterchessopen.com Gyongyos (Hungary)"]
[Round "0"]
[White "Kelemen Gyorgy (HUN)"]
[Black "Muhari Istvan (HUN)"]
[Result "0-1"]
[WhiteElo "2066"]
[BlackElo "2247"]

1.e4 c5 2.Nf3 Nc6 3.d4 cxd4 4.Nxd4 g6 5.c4 Nf6 6.Nc3 Nxd4 7.Qxd4 d6 8.Be2 Bg7
9.Be3 O-O 10.Qd2 Be6 11.O-O Rc8 12.b3 a6 13.Rac1 Re8 14.Rfd1 Qa5 15.Nd5 Qxd2
16.Nxf6+ Bxf6 17.Rxd2 Rc6 18.Rdc2 Rec8 19.Bd3 Bd7 20.f3 Bg7 21.Kf2 f5 22.c5
dxc5 23.Rxc5 f4 24.Rxc6 fxe3+ 25.Kxe3 Rxc6 26.Bc4+ Kf8 27.Rd1 Rd6 {#R} 0-1

[Event "Ch Havana (1/2 final)"]
[Site "masterchessopen.com Habana (Cuba)"]
[Round "0"]
[White "Lopez Bruci (USA)"]
[Black "Morales Rolando (CUB)"]
[Result "0-1"]
[WhiteElo "2414"]
[BlackElo "2265"]

1.e4 c5 2.Nf3 g6 3.c4 Nc6 4.d4 cxd4 5.Nxd4 Nf6 6.Nc3 Nxd4 7.Qxd4 d6 8.Bg5 Bg7
9.Qd2 O-O 10.Bd3 Be6 11.O-O Re8 12.b3 a6 13.Rad1 Rc8 14.Kh1 Qa5 15.f4 b5
16.cxb5 axb5 17.f5 Bd7 18.Rf3 b4 19.Ne2 Rc5 20.Nc1 Bb5 21.Bb1 Qa3 22.Qe1 Rec8
23.Nd3 Bxd3 24.Bxd3 Nd7 25.fxg6 hxg6 26.Bc4 Ne5 27.Rh3 Nxc4 28.Qh4 Qxa2 {#R}
0-1

[Event "Ch Hungary (team) 1997/98"]
[Site "masterchessopen.com Hungary"]
[Round "0"]
[White "Kosztolanczi Gyula (HUN)"]
[Black "Seres Lajos (HUN)"]
[Result "0-1"]
[WhiteElo "2110"]
[BlackElo "2420"]

1.e4 c5 2.Nf3 Nc6 3.d4 cxd4 4.Nxd4 g6 5.c4 Nf6 6.Nc3 d6 7.Be2 Nxd4 8.Qxd4 Bg7
9.Bg5 O-O 10.Qd2 Be6 11.Rc1 Qa5 12.f3 Rfc8 13.b3 a6 14.a4 Nd7 15.Bxe7 Nc5
16.Bd1 b5 17.axb5 axb5 18.Nxb5 Nd3+ 19.Ke2 Nxc1+ 20.Qxc1 Qxb5 {#R} 0-1

[Event "Ch Pan-American (w)"]
[Site "masterchessopen.com Isla Margarita (Venezuela)"]
[Round "7"]
[White "Sequeda Nancy (VEN)"]
[Black "Maggiolo Elisa (ARG)"]
[Result "0-1"]
[WhiteElo "2067"]
[BlackElo "2130"]

1.e4 c5 2.Nf3 Nc6 3.d4 cxd4 4.Nxd4 g6 5.c4 Nf6 6.Nc3 Nxd4 7.Qxd4 d6 8.Be2 Bg7
9.Bg5 O-O 10.Qd2 Bd7 11.O-O a6 12.Rac1 b5 13.a3 Rb8 14.b4 Re8 15.f3 bxc4
16.Bxc4 Bb5 17.Be2 Nd7 18.Kh1 Ne5 19.Nd5 Rb7 20.Rc2 f6 21.Be3 e6 22.Nf4 Rd7
23.Rcc1 d5 24.Qa2 Bxe2 25.Nxe2 dxe4 26.fxe4 Ng4 27.Bg1 Rd2 28.Qc4 Qa8 29.Rfd1
Ne5 {#R} 0-1

[Event "Ch Russia (juniors) (under 18)"]
[Site "masterchessopen.com Kolontaevo (Russia)"]
[Round "7"]
[White "Bespalov Konstantin (RUS)"]
[Black "Rodjko Ivan (RUS)"]
[Result "0-1"]
[WhiteElo "2210"]
[BlackElo "2085"]

1.e4 c5 2.Nf3 Nc6 3.d4 cxd4 4.Nxd4 g6 5.c4 Nf6 6.Nc3 d6 7.Be3 Ng4 8.Nxc6 bxc6
9.Bf4 Qb6 10.Qd2 Bg7 11.h3 Ne5 12.Be3 Qb4 13.a3 Qb3 14.c5 dxc5 15.Bxc5 Nc4
16.Bxc4 Qxc4 17.Rd1 O-O 18.Qe3 Rb8 19.Bb4 a5 20.Bxa5 Rxb2 21.Qd3 Qc5 {#R} 0-1

[Event "It (open)"]
[Site "masterchessopen.com Linares (Spain)"]
[Round "10"]
[White "Anagnostopoulos Dimitri (GRE)"]
[Black "Rocha Sergio (POR)"]
[Result "1-0"]
[WhiteElo "2445"]
[BlackElo "2425"]

1.e4 c5 2.Nf3 Nc6 3.d4 cxd4 4.Nxd4 g6 5.c4 Nf6 6.Nc3 Nxd4 7.Qxd4 d6 8.Be2 Bg7
9.O-O O-O 10.Bg5 Qa5 11.Qe3 Be6 12.Rac1 Rfc8 13.b3 a6 14.Kh1 b5 15.f4 bxc4
16.f5 cxb3 17.fxe6 b2 18.exf7+ Kf8 19.Rc2 Rc5 20.Bxf6 exf6 21.Qd3 Rac8
22.Qxd6+ Kxf7 23.Bg4 R8c7 24.Be6+ Ke8 25.Rd2 {#r} 1-0

[Event "Ch World (juniors) (under 12)"]
[Site "masterchessopen.com Marina d'Or (Spain)"]
[Round "11"]
[White "Volokitin Andrei (UKR)"]
[Black "Cheparinov Ivan (BUL)"]
[Result "1-0"]
[WhiteElo "2240"]
[BlackElo "2110"]

1.e4 c5 2.Nf3 Nc6 3.d4 cxd4 4.Nxd4 g6 5.c4 Nf6 6.Nc3 Nxd4 7.Qxd4 d6 8.b3 Bg7
9.Bb2 Be6 10.Be2 O-O 11.O-O Qa5 12.Rac1 Ng4 13.Qd1 Ne5 14.Rc2 Rac8 15.Nd5 Bxd5
16.exd5 Qc5 17.Qa1 f5 18.b4 Qb6 19.a3 f4 20.Bg4 Rc7 21.Be6+ Kh8 22.c5 Qa6
23.cxd6 Qxd6 24.Rxc7 Qxc7 25.Re1 {#r} 1-0

[Event "Ch Yugoslavia (open)"]
[Site "masterchessopen.com Nis (Yugoslavia)"]
[Round "9"]
[White "Vukanovic Sasa (SRB)"]
[Black "Mozetic Dejan (SRB)"]
[Result "0-1"]
[WhiteElo "2375"]
[BlackElo "2440"]

1.Nf3 c5 2.c4 g6 3.d4 cxd4 4.Nxd4 Nc6 5.e4 Nf6 6.Nc3 d6 7.Be2 Nxd4 8.Qxd4 Bg7
9.O-O O-O 10.Qd3 Nd7 11.Bg5 Nc5 12.Qe3 Bd7 13.Rac1 a5 14.Rfd1 Bc6 15.f3 a4
16.Rc2 Re8 17.Nb5 Qb8 18.Qf2 b6 19.Be3 Qb7 20.Bf1 Red8 21.Qd2 Be5 22.Nd4 Bd7
23.Rb1 f5 24.b4 axb3 25.Nxb3 Qc7 26.Bg5 fxe4 27.Nxc5 dxc5 28.Bxe7 Re8 29.Qd5+
Kg7 30.Rd2 Rxe7 31.Qxa8 Bxh2+ 32.Kh1 e3 {#R} 0-1

[Event "Ch Hungary (juniors) (under 16)"]
[Site "masterchessopen.com Paks (Hungary)"]
[Round "7"]
[White "Kiss Gedeon (HUN)"]
[Black "Muhari Istvan (HUN)"]
[Result "0-1"]
[WhiteElo "2235"]
[BlackElo "2247"]

1.e4 c5 2.Nf3 Nc6 3.d4 cxd4 4.Nxd4 g6 5.c4 Nf6 6.Nc3 d6 7.Be2 Nxd4 8.Qxd4 Bg7
9.Bg5 O-O 10.Qd2 Be6 11.Rc1 Qa5 12.O-O Rfc8 13.b3 a6 14.f4 b5 15.f5 gxf5
16.exf5 Bd7 17.Bh6 Kh8 18.Bxg7+ Kxg7 19.Bf3 Rab8 20.Qg5+ Kh8 21.Nd5 Rg8 22.Qh4
Nxd5 23.Bxd5 bxc4 24.bxc4 Qc5+ 25.Kh1 Bc6 26.Qxe7 Bxd5 27.cxd5 Qxd5 28.Qf6+
Rg7 29.Rf3 Qd2 {#R} 0-1

[Event "It (open)"]
[Site "masterchessopen.com Passau (Germany)"]
[Round "5"]
[White "Pflug Matthias (GER)"]
[Black "Reinhardt Ralph (GER)"]
[Result "1-0"]
[WhiteElo "2288"]
[BlackElo "2070"]

1.e4 c5 2.Nf3 Nc6 3.d4 cxd4 4.Nxd4 g6 5.c4 Nf6 6.Nc3 d6 7.Be2 Nxd4 8.Qxd4 Bg7
9.O-O O-O 10.Qd3 Be6 11.Bg5 Rc8 12.b3 Re8 13.Rac1 Nd7 14.f4 Nc5 15.Qf3 f5
16.exf5 Bxf5 17.g4 Bd4+ 18.Kg2 Bxc3 19.gxf5 Bb2 20.Qd5+ Kg7 21.Rf3 Qd7 22.Rc2
Bf6 23.Bh6+ Kh8 24.fxg6 hxg6 25.Qf7 Qc6 26.Kf1 Qd7 27.f5 Qxf5 28.Rxf5 gxf5
29.Bh5 {#r} 1-0

[Event "Ch Sarospatak"]
[Site "masterchessopen.com Sarospatak (Hungary)"]
[Round "0"]
[White "Eberth Zoltan (HUN)"]
[Black "Simon Nandor (HUN)"]
[Result "1-0"]
[WhiteElo "2198"]
[BlackElo "2113"]

1.e4 c5 2.Nf3 Nc6 3.d4 cxd4 4.Nxd4 g6 5.c4 Nf6 6.Nc3 Nxd4 7.Qxd4 d6 8.Be3 Bg7
9.f3 Be6 10.Rc1 O-O 11.Qd2 Qa5 12.Be2 a6 13.b3 Rfb8 14.Na4 Qxd2+ 15.Kxd2 b5
16.Nb6 Ra7 17.a4 bxa4 18.bxa4 a5 19.Rb1 Rab7 20.Rb5 Nd7 21.Rhb1 Ne5 22.f4 Nc6
23.f5 Bd4 24.fxe6 Bxe3+ 25.Kxe3 Nb4 26.Nd7 Rxb5 27.cxb5 Rb7 28.Bc4 Nc2+ 29.Kd2
Na3 30.exf7+ {#r} 1-0

[Event "Ch Russia (juniors) (under 20) (g)"]
[Site "masterchessopen.com Sochi (Russia)"]
[Round "2"]
[White "Zimina Olga (ITA)"]
[Black "Polovnikova Ekaterina (RUS)"]
[Result "1-0"]
[WhiteElo "2200"]
[BlackElo "2325"]

1.e4 c5 2.Nf3 Nc6 3.d4 cxd4 4.Nxd4 g6 5.c4 Nf6 6.Nc3 Nxd4 7.Qxd4 d6 8.Bg5 Bg7
9.Be2 O-O 10.Qd2 Be6 11.Rc1 Qa5 12.f3 Rfc8 13.Nd5 Qxd2+ 14.Kxd2 Bxd5 15.exd5
b5 16.cxb5 Nxd5 17.Rxc8+ Rxc8 18.Rc1 Rc5 19.Rxc5 dxc5 20.Kc2 Bd4 21.Kb3 Kf8
22.Ka4 Bxb2 23.Ka5 Nc7 24.Bd2 Nd5 25.Ka6 Bd4 26.Kxa7 c4+ 27.Kb7 c3 28.Bh6+ Ke8
29.a4 f6 30.Bc1 Nb4 31.Bc4 {#r} 1-0

[Event "Ch Sweden (team) 1998/99"]
[Site "masterchessopen.com Sweden"]
[Round "3"]
[White "Carlsson Daniel (SWE)"]
[Black "Faibisovich Vadim Z (RUS)"]
[Result "0-1"]
[WhiteElo "2290"]
[BlackElo "2400"]

1.e4 c5 2.Nf3 Nc6 3.d4 cxd4 4.Nxd4 g6 5.c4 Nf6 6.Nc3 d6 7.Be2 Nxd4 8.Qxd4 Bg7
9.Bg5 O-O 10.Qd2 a5 11.O-O a4 12.Rad1 Be6 13.Qe3 Qa5 14.Nd5 Bxd5 15.exd5 Rfe8
16.Bd3 Nd7 17.Qh3 Nc5 18.Bb1 Bxb2 19.f4 Bf6 20.Rf3 Qb6 21.Bxf6 exf6 22.Qh4 Re2
23.Kf1 Rae8 24.Rh3 h5 25.Bxg6 fxg6 26.Qxf6 Qb2 27.Qxd6 {#R} 0-1

[Event "It (open)"]
[Site "masterchessopen.com Valencia (Spain)"]
[Round "8"]
[White "Eslon Jaan (SWE)"]
[Black "Hernandez Roman (CUB)"]
[Result "0-1"]
[WhiteElo "2375"]
[BlackElo "2440"]

1.e4 c5 2.Nf3 Nc6 3.d4 cxd4 4.Nxd4 g6 5.c4 Nf6 6.Nc3 d6 7.Be2 Bg7 8.Nb3 O-O
9.O-O a5 10.a4 b6 11.Be3 Bb7 12.f3 Nd7 13.Nd4 Nc5 14.Nxc6 Bxc6 15.Qc2 Ra7
16.b3 e6 17.Rad1 Rd7 18.Rfe1 Be5 19.Bf1 Qh4 20.h3 Qg3 21.Bd3 f5 22.f4 Bxf4
23.Bxf4 Qxf4 24.exf5 gxf5 25.Bf1 Qg3 26.Re2 f4 27.Rf2 f3 28.Rd4 Rg7 29.Rdd2
Qxh3 {#R} 0-1

[Event "It"]
[Site "masterchessopen.com Villa del Parque"]
[Round "8"]
[White "Lorenzini Martin (ARG)"]
[Black "Minzer Claudio Javier (ARG)"]
[Result "0-1"]
[WhiteElo "2320"]
[BlackElo "2390"]

1.e4 c5 2.Nf3 Nc6 3.d4 cxd4 4.Nxd4 g6 5.c4 Nf6 6.Nc3 d6 7.Be2 Nxd4 8.Qxd4 Bg7
9.Be3 O-O 10.Qd2 Be6 11.O-O a6 12.f3 Qa5 13.Rfc1 Rfc8 14.b3 b5 15.e5 dxe5
16.cxb5 axb5 17.Nxb5 Rxc1+ 18.Qxc1 Nd5 19.Bc5 Rc8 20.a3 Nf4 21.Bf1 Bxb3 22.Qe3
Ba4 23.Rb1 Nd5 24.Qf2 Bh6 25.Kh1 Qd2 26.Na7 Qxf2 27.Bxf2 Rc2 28.Be1 Ne3 29.Kg1
Nxg2 30.Bxg2 Be3+ 31.Kf1 Bxa7 32.Rb7 Bd4 {#R} 0-1

[Event "Cup European Club (w)"]
[Site "masterchessopen.com Wuppertal (Germany)"]
[Round "6"]
[White "Bojkovic Natasa (SRB)"]
[Black "Ciuksyte Dagne (ENG)"]
[Result "1-0"]
[WhiteElo "2425"]
[BlackElo "2240"]

1.e4 c5 2.Nf3 Nc6 3.d4 cxd4 4.Nxd4 g6 5.c4 Nf6 6.Nc3 Nxd4 7.Qxd4 d6 8.Be2 Bg7
9.O-O O-O 10.Qd3 Be6 11.Bd2 Nd7 12.b3 a6 13.Rac1 Nc5 14.Qe3 Bd7 15.Rfd1 b5
16.Nd5 e6 17.Nb4 a5 18.Nd3 Nxd3 19.Qxd3 bxc4 20.Qxc4 Qe7 21.Qd3 Rfd8 22.Rc7 d5
23.exd5 exd5 24.Bf4 Qf6 25.Qd2 Qe6 26.h3 d4 27.Bg4 Qe8 28.Re1 Be6 29.Qd3 Rd7
30.Rc2 f5 31.Bf3 Rc8 32.Rxc8 {#r} 1-0

[Event "Ch Germany (juniors) (under 20) (team)"]
[Site "masterchessopen.com Bonn (Germany)"]
[Round "1"]
[White "Kouznetsova Elena (GER)"]
[Black "Meingast Matthias (GER)"]
[Result "1-0"]
[WhiteElo "2124"]
[BlackElo "2124"]

1.e4 c5 2.Nf3 Nc6 3.d4 cxd4 4.Nxd4 g6 5.c4 Nf6 6.Nc3 Nxd4 7.Qxd4 Bg7 8.e5 Ng8
9.Bf4 Qa5 10.O-O-O h5 11.Qe4 g5 12.Rd5 Qb6 13.Bxg5 Bh6 14.Bxh6 Qxh6+ 15.f4 a6
16.Rd2 Qc6 17.Bd3 Qxe4 18.Bxe4 Rb8 19.Nd5 Rh6 20.c5 f6 21.Rhd1 fxe5 22.fxe5 a5
23.Nb6 Re6 24.Bf5 {#r} 1-0

[Event "Ch City (open)"]
[Site "masterchessopen.com Cologne (Germany)"]
[Round "7"]
[White "Koehler Markus (GER)"]
[Black "Schlaefer Roland (GER)"]
[Result "0-1"]
[WhiteElo "2181"]
[BlackElo "1955"]

1.e4 c5 2.Nf3 Nc6 3.d4 cxd4 4.Nxd4 g6 5.c4 Nf6 6.Nc3 Nxd4 7.Qxd4 d6 8.Be2 Bg7
9.Bg5 h6 10.Bd2 O-O 11.O-O Ng4 12.Qd3 Ne5 13.Qc2 Be6 14.b3 f5 15.Qb1 Kh7
16.exf5 gxf5 17.Re1 Bd7 18.Qc2 Bc6 19.Bh5 Rc8 20.f4 Nd7 21.Re6 Nc5 22.Bg6+ Kh8
23.Ree1 e6 24.Rad1 Qf6 25.Bh5 Qh4 26.Bf3 Bxf3 27.gxf3 Bd4+ 28.Kh1 Qh3 29.Rf1
Rg8 30.Bc1 Rg7 31.Nb5 Rcg8 32.Nxd6 Qxf1+ {#R} 0-1

[Event "Ch Cuba (team) (juniors) (under 18)"]
[Site "masterchessopen.com Cuba"]
[Round "0"]
[White "Lopez Bruci (USA)"]
[Black "Fernandez Lisandro (CUB)"]
[Result "1-0"]
[WhiteElo "2257"]
[BlackElo "2280"]

1.e4 c5 2.Nf3 Nc6 3.d4 cxd4 4.Nxd4 g6 5.c4 Nf6 6.Nc3 d6 7.Be2 Nxd4 8.Qxd4 Bg7
9.Bg5 O-O 10.Qd2 Be6 11.O-O Qa5 12.Rac1 Rfd8 13.b3 a6 14.f4 b5 15.f5 Bd7
16.fxg6 hxg6 17.e5 Ne8 18.Bf3 Ra7 19.Qf2 Rc7 20.Nd5 Bf5 21.b4 {#r} 1-0

[Event "It (open)"]
[Site "masterchessopen.com Fuerth (Germany)"]
[Round "2"]
[White "Yakovich Yuri (RUS)"]
[Black "Seibold Hubert Dr (GER)"]
[Result "1-0"]
[WhiteElo "2592"]
[BlackElo "2299"]

1.e4 c5 2.Nf3 Nc6 3.d4 cxd4 4.Nxd4 g6 5.c4 Nf6 6.Nc3 Nxd4 7.Qxd4 d6 8.Bg5 Bg7
9.Qd2 Be6 10.Bd3 Rc8 11.Nd5 Bxd5 12.exd5 O-O 13.O-O b5 14.cxb5 Nxd5 15.Rac1
Nf6 16.Rc6 d5 17.Rfc1 Rxc6 18.bxc6 Qc7 19.Qb4 Rd8 20.Qb7 Ne8 21.Bxe7 Qf4
22.Rc2 Rb8 23.Qd7 Be5 24.g3 Qd4 25.Bf1 h5 26.Bd8 {#r} 1-0

[Event "It (open)"]
[Site "masterchessopen.com Lenk (Switzerland)"]
[Round "1"]
[White "Roblet Charles (FRA)"]
[Black "Vogt Lothar (GER)"]
[Result "0-1"]
[WhiteElo "2150"]
[BlackElo "2485"]

1.e4 c5 2.Nf3 Nc6 3.d4 cxd4 4.Nxd4 g6 5.c4 Nf6 6.Nc3 d6 7.Be2 Nxd4 8.Qxd4 Bg7
9.O-O O-O 10.Qd3 Be6 11.Nd5 Nd7 12.Bg5 Bxd5 13.exd5 Bxb2 14.Rab1 Bf6 15.Bxf6
exf6 16.Qd2 Nc5 17.Bd3 Kg7 18.h4 h5 19.Rfe1 f5 20.g3 Qf6 21.Bf1 Rfe8 22.Re3
Rxe3 23.Qxe3 Qe5 24.Re1 Re8 25.Re2 Qxe3 26.Rxe3 Re4 27.Rxe4 fxe4 28.f3 exf3
29.Kf2 Ne4+ 30.Ke3 Nxg3 31.Bh3 Kf6 32.Kf4 Ne2+ {#R} 0-1

[Event "Ch Russia (juniors) (under 14)"]
[Site "masterchessopen.com Nizhnij Novgorod (Russia)"]
[Round "0"]
[White "Berezovich Mikhail (RUS)"]
[Black "Smirnov Artem (RUS)"]
[Result "1-0"]
[WhiteElo "2131"]
[BlackElo "2171"]

1.e4 c5 2.Nf3 Nc6 3.d4 cxd4 4.Nxd4 g6 5.c4 Nf6 6.Nc3 d6 7.Be2 Nxd4 8.Qxd4 Bg7
9.Be3 O-O 10.Qd1 Be6 11.Rc1 Qa5 12.O-O Rfc8 13.a3 a6 14.f4 b5 15.f5 Bd7
16.fxg6 hxg6 17.e5 dxe5 18.Rxf6 exf6 19.Qxd7 Rd8 20.Qh3 f5 21.a4 e4 22.Nd5
bxa4 23.b4 {#r} 1-0

[Event "Cup Russia (open)"]
[Site "masterchessopen.com Nizhnij Novgorod (Russia)"]
[Round "9"]
[White "Tuturin Sergey (RUS)"]
[Black "Polovnikova Ekaterina (RUS)"]
[Result "0-1"]
[WhiteElo "2268"]
[BlackElo "2299"]

1.e4 c5 2.Nf3 Nc6 3.d4 cxd4 4.Nxd4 g6 5.c4 Nf6 6.Nc3 Nxd4 7.Qxd4 d6 8.f3 Bg7
9.Be3 O-O 10.Qd2 Be6 11.Rc1 a6 12.b3 Nd7 13.Bd3 Qa5 14.O-O Rfc8 15.f4 f5
16.exf5 gxf5 17.Qc2 Bxc3 18.Qxc3 Qxc3 19.Rxc3 b5 20.Rfc1 bxc4 21.bxc4 Bxc4
22.Bxc4+ Rxc4 23.Rxc4 Nf6 {#R} 0-1

[Event "Ch Great Britain"]
[Site "masterchessopen.com Scarborough (England)"]
[Round "3"]
[White "Rowson Jonathan (SCO)"]
[Black "Palliser Richard (ENG)"]
[Result "1-0"]
[WhiteElo "2490"]
[BlackElo "2253"]

1.e4 c5 2.Nf3 Nc6 3.d4 cxd4 4.Nxd4 g6 5.c4 Nf6 6.Nc3 d6 7.Be2 Nxd4 8.Qxd4 Bg7
9.Be3 O-O 10.Qd2 Be6 11.O-O Qa5 12.Rab1 Rfc8 13.b3 a6 14.Rfc1 Rab8 15.f3 b5
16.b4 Qd8 17.cxb5 axb5 18.Nxb5 Ra8 19.Na7 Rxc1+ 20.Rxc1 Qb8 21.Nc6 Qe8 22.Rc2
d5 23.e5 Nd7 24.Bd4 Nb8 25.Na5 Qa4 26.Bd1 {#r} 1-0

[Event "Ch Europe (juniors) (under 20)"]
[Site "masterchessopen.com Aviles (Spain)"]
[Round "1"]
[White "Fernandez Romero Ernesto (ESP)"]
[Black "Landeiro Ribeiro Luis Miguel (POR)"]
[Result "1-0"]
[WhiteElo "2383"]
[BlackElo "2043"]

1.e4 c5 2.Nf3 Nc6 3.d4 cxd4 4.Nxd4 g6 5.c4 Nf6 6.Nc3 Nxd4 7.Qxd4 d6 8.Be2 Bg7
9.Be3 O-O 10.Qd2 Qa5 11.f3 Be6 12.Rc1 Rfc8 13.b3 a6 14.Na4 Qxd2+ 15.Kxd2 Nd7
16.Rhd1 Rab8 17.Nc3 Rc7 18.Nd5 Bxd5 19.exd5 Bb2 20.Rb1 Bg7 21.Rdc1 e6 22.dxe6
fxe6 23.Ke1 Nf6 24.Rd1 Rd7 25.Bd4 Ne8 26.f4 Bxd4 27.Rxd4 Rbd8 28.Rbd1 Kf7
29.Bf3 b6 30.Bc6 {#r} 1-0